Statistiques concernant Titres de l'album "ULTRA" de Booba

Cliquez ici pour prendre le quiz!

Statistiques générales

  • Ce quiz a été pris 203 fois
  • Le résultat moyen est 10 sur 14

Statistiques - réponses

Featuring ?Nom du titre% Correct
JSXMona Lisa
96%
BramsitoDernière fois
90%
Ultra
88%
SDMBonne journée
83%
MaesVVV
80%
EliaGrain de sable
76%
GP
75%
5G
70%
DalaVue sur la mer
70%
Azerty
69%
L'olivier
68%
Gato31
66%
RST
60%
Je sais
56%

Distribution des résultats

Percentile par nombre de réponses

% des personnes avec chaque résultat

Votre développement - résultats

Vous n’avez pas pris ce quiz